Brahmāṇḍa vikasatuṃ ke viśrānta. (Record no. 63765)

MARC details
000 -LEADER
fixed length control field 00608cam a22002411 4500
001 - CONTROL NUMBER
control field sa 65004445
003 - CONTROL NUMBER IDENTIFIER
control field DLC
005 - DATE AND TIME OF LATEST TRANSACTION
control field 20260227112131.0
008 - FIXED-LENGTH DATA ELEMENTS--GENERAL INFORMATION
fixed length control field 941101s1964 ii a b 000 0 gujo
010 ## - LIBRARY OF CONGRESS CONTROL NUMBER
LC control number sa 65004445
025 ## - OVERSEAS ACQUISITION NUMBER
Overseas acquisition number PL480:I-Gu-397
035 ## - SYSTEM CONTROL NUMBER
System control number (OCoLC)31390539
040 ## - CATALOGING SOURCE
Original cataloging agency DLC
Transcribing agency CU
Modifying agency CU
-- DLC
042 ## - AUTHENTICATION CODE
Authentication code premarc
050 00 - LIBRARY OF CONGRESS CALL NUMBER
Classification number QB43
Item number .S8
100 1# - MAIN ENTRY--PERSONAL NAME
Personal name Suthāra, Choṭubhāī.
245 10 - TITLE STATEMENT
Title Brahmāṇḍa vikasatuṃ ke viśrānta.
260 ## - PUBLICATION, DISTRIBUTION, ETC.
Date of publication, distribution, etc. [1964]
300 ## - PHYSICAL DESCRIPTION
Extent 136 p.
Other physical details illus.
Dimensions 19 cm.
500 ## - GENERAL NOTE
General note In Gujarati.
504 ## - BIBLIOGRAPHY, ETC. NOTE
Bibliography, etc. note Bibliography: p. 132.
650 #0 - SUBJECT ADDED ENTRY--TOPICAL TERM
Topical term or geographic name entry element Astronomy.

No items available.

Powered by Koha